Personnalités au hasard #58 - Statistiques

Statistiques générales
  • Ce quiz a été pris 137 fois
  • Le résultat moyen est 10 sur 32
Statistiques - réponses
Par images Réponse % Correct
Dany Boon
88%
José Garcia
71%
Monsieur Poulpe
71%
Philippe Katerine
71%
Ninho
59%
Issa Doumbia
56%
Djimo
50%
Roman Frayssinet
50%
Kóstas Mítroglou
48%
Serge Lama
41%
Michel Boujenah
39%
Nicoletta
38%
Dinos
35%
Paul Rudd
33%
Keira Knightley
31%
A$AP Rocky
29%
Flo Rida
29%
Valérie Bonneton
26%
Robin Thicke
21%
Michel Hazanavicius
16%
John Williams
15%
Laurence Arné
15%
Louis Aliot
14%
Guy Lecluyse
13%
Jacques Audiard
8%
G-Eazy
6%
Nile Rodgers
4%
Alec Benjamin
2%
Amedeo Modigliani
2%
Fatboy Slim
2%
Franck Louvrier
2%
Vladimir Nabokov
2%
Aucun quiz correspondant
Distribution des résultats
% des personnes avec chaque résultat
Percentile par nombre de réponses
Votre historique - résultats
Vous n’avez pas pris ce quiz